000 00934nam a22002771c 4500
001 a987693963
008 200521s2013 gw |||| 000u ger d
020 _a9783835320307
_9978-3-8353-2030-7
041 _ager
100 1 _aOrth, Karin
245 0 4 _aDie Konzentrationslager-SS :
_bSozialstrukturelle Analysen und biographische Studien
264 _aGöttingen :
_bWallstein Verlag,
_c2013
300 _a1 Online-Ressource (337 pages)
336 _aText
_btxt
_2rdacontent
337 _aComputermedien
_bc
_2rdamedia
338 _aOnline-Ressource
_bcr
_2rdacarrier
500 _aE-Book-ProQuest / Fernzugriff nach Registrierung möglich
650 0 _aKonzentrationslager
650 0 _aFührungskraft
651 0 _aDeutschland
655 0 _aFernzugriff
856 4 _uhttps://ebookcentral.proquest.com/lib/maxweberstiftung-ebooks/detail.action?docID=1561127
942 _cEB
040 _cRU-10907106
003 RU-10907106
999 _c54405
_d54405